Native Americans (Record no. 11689)
[ view plain ]
| 000 -LEADER | |
|---|---|
| fixed length control field | 00260nam a22000977a 4500 |
| 008 - FIXED-LENGTH DATA ELEMENTS--GENERAL INFORMATION | |
| fixed length control field | 191203b ||||| |||| 00| 0 eng d |
| 020 ## - INTERNATIONAL STANDARD BOOK NUMBER | |
| International Standard Book Number | 9780590381536 |
| 100 ## - MAIN ENTRY--PERSONAL NAME | |
| Personal name | Scholastic |
| 9 (RLIN) | 7388 |
| 245 ## - TITLE STATEMENT | |
| Title | Native Americans |
| 260 ## - PUBLICATION, DISTRIBUTION, ETC. (IMPRINT) | |
| Place of publication, distribution, etc. | New York |
| Name of publisher, distributor, etc. | A first Discovery Books |
| Date of publication, distribution, etc. | 1994 |
| Withdrawn status | Lost status | Source of classification or shelving scheme | Damaged status | Koha normalized classification for sorting | Not for loan | Home library | Current library | Shelving location | Date acquired | Total Checkouts | Full call number | Barcode | Date last seen | Price effective from | Koha item type |
|---|---|---|---|---|---|---|---|---|---|---|---|---|---|---|---|
| Dewey Decimal Classification | 970_000000000000000_JUNLIB | Good Samaritan School Library | Good Samaritan School Library | History | 12/03/2019 | 970 JUNLIB | SCH15729 | 12/03/2019 | 12/03/2019 | BOOK |